Groupe de deux - Histoire - Statistiques

Statistiques générales
  • Ce quiz a été pris 34 713 fois
    34 615 depuis la dernière actualisation
  • Le résultat moyen est 19 sur 40
Statistiques - réponses
Indice Réponse % Correct
Nationalités de Marie Curie Française
94%
Capitales allemandes (1945-1990) Berlin-Est
92%
Villes japonaises touchées par les bombes atomiques Hiroshima
90%
Dirigeants romains avec lesquels Cléopâtre a eu un enfant Jules César
88%
Villes japonaises touchées par les bombes atomiques Nagasaki
88%
Fondateurs mythiques de Rome Romulus
87%
Plus anciennes universités britanniques Oxford
86%
Fondateurs mythiques de Rome Rémus
85%
Anciens noms d'Istanbul Constantinople
75%
Nationalités de Marie Curie Polonaise
74%
Îles où Napoléon fut exilé Sainte-Hélène
73%
Fondateurs du cubisme Pablo Picasso
64%
Plus anciennes universités britanniques Cambridge
62%
Auteurs du "Manifeste du parti communiste" Karl Marx
62%
Cités opposées dans la guerre du Péloponnèse Athènes
56%
Alliances militaires de la guerre froide OTAN
52%
Îles où Napoléon fut exilé Elbe
51%
Cités opposées dans la guerre du Péloponnèse Sparte
50%
Plus grands Khans mongols Gengis
49%
Royaumes des Goths {Wisi}goths
45%
Anciens noms d'Istanbul Byzance
44%
Principales couronnes qui s'unirent pour former l'Espagne Castille
38%
Royaumes des Goths {Ostro}goths
37%
Villes qui ont combattu dans les guerres puniques Rome
36%
Dirigeants romains avec lesquels Cléopâtre a eu un enfant Marc Antoine
34%
Pays formateurs de la République des Deux Nations Pologne
34%
Villes qui ont combattu dans les guerres puniques Carthage
30%
Principales couronnes qui s'unirent pour former l'Espagne Aragon
29%
Alliances militaires de la guerre froide Pacte de Varsovie
29%
Capitales allemandes (1945-1990) Bonn
26%
Auteurs du "Manifeste du parti communiste" Friedrich Engels
20%
Présidents français assassinés Marie-François Sadi Carnot
20%
Maisons de la guerre des Deux-Roses Lancastre
15%
Pays formateurs de la République des Deux Nations Lituanie
14%
Maisons de la guerre des Deux-Roses York
14%
Explorateurs vikings les plus célèbres Erik le Rouge
13%
Plus grands Khans mongols Kubilai
12%
Présidents français assassinés Paul Doumer
12%
Explorateurs vikings les plus célèbres Leif Erikson
9%
Fondateurs du cubisme Georges Braque
8%
Aucun quiz correspondant
Distribution des résultats
% des personnes avec chaque résultat
Percentile par nombre de réponses
Votre historique - résultats
Vous n’avez pas pris ce quiz depuis la dernière actualisation